000 01042cam a22003373a 4500
001 13292605
003 OSt
005 20140310182247.0
008 930427s1993 nyu j 000 1 eng d
010 _a 2003586077
020 _a078590466172
_c$2.95 ($3.95 Can.)
035 _a(OCoLC)ocm27989871
040 _aTFP
_cTFP
_dOHI
_dOCL
_dOCLCQ
_dDLC
042 _alccopycat
050 0 0 _aPZ 7
_b.St859 1993
082 _aFIC
_bSt5 1993
100 1 _aStine, R. L.
_93762
245 1 0 _aNight of the living dummy /
_cR.L. Stine.
260 _aNew York :
_bScholastic,
_c1993.
300 _a134 p. :
_c20 cm.
490 1 _aGoosebumps ;
_v#7
650 0 _aFiction.
_96618
655 7 _aHorror fiction.
_2gsafd
_93405
655 7 _aFantasy fiction.
_2gsafd
_93053
710 2 _aCopyright Paperback Collection (Library of Congress)
_5DLC
_9705
800 1 _aStine, R. L.
_tGoosebumps ;
_v#7.
_96619
906 _a7
_bcbc
_ccopycat
_d2
_encip
_f20
_gy-genrareb
942 _2lcc
_cBK-FIC
999 _c11280
_d11280